Gaming Quiz

Random Gaming or Pokémon Quiz

Pokémon Types (Gen. IV) Quiz Stats

 Plays Quiz not verified by Sporcle

Score 0/116 Timer 10:00
0 Plays Today
Pokémon Type(s) % Correct
TurtwigGrass
100%
ChimcharFire
100%
MonfernoFire/Fighting
100%
InfernapeFire/Fighting
100%
BidoofNormal
100%
BibarelNormal/Water
100%
Mime Jr.Psychic/Fairy
100%
HappinyNormal
100%
MunchlaxNormal
100%
CarnivineGrass
100%
MagnezoneElectric/Steel
100%
LickilickyNormal
100%
RhyperiorGround/Rock
100%
TangrowthGrass
100%
ElectivireElectric
100%
MagmortarFire
100%
YanmegaBug/Flying
100%
LeafeonGrass
100%
GlaceonIce
100%
Porygon-ZNormal
100%
RegigigasNormal
100%
ArceusNormal
100%
Sandy Cloak WormadamBug/Ground
100%
Mow RotomElectric/Grass
100%
Fan RotomElectric/Flying
100%
Frost RotomElectric/Ice
100%
Wash RotomElectric/Water
100%
Heat RotomElectric/Fire
100%
Sky Forme ShayminGrass/Flying
100%
Mega LopunnyNormal/Fighting
100%
GrotleGrass
95.5%
TorterraGrass/Ground
95.5%
PiplupWater
95.5%
PrinplupWater
95.5%
EmpoleonWater/Steel
95.5%
StarlyNormal/Flying
95.5%
StaraviaNormal/Flying
95.5%
StaraptorNormal/Flying
95.5%
KricketotBug
95.5%
Pokémon Type(s) % Correct
KricketuneBug
95.5%
ShinxElectric
95.5%
LuxioElectric
95.5%
LuxrayElectric
95.5%
BudewGrass/Poison
95.5%
RoseradeGrass/Poison
95.5%
CranidosRock
95.5%
RampardosRock
95.5%
ShieldonRock/Steel
95.5%
BastiodonRock/Steel
95.5%
BurmyBug
95.5%
Plant Cloak WormadamBug/Grass
95.5%
MothimBug/Flying
95.5%
VespiquenBug/Flying
95.5%
PachirisuElectric
95.5%
BuizelWater
95.5%
FloatzelWater
95.5%
CherubiGrass
95.5%
CherrimGrass
95.5%
ShellosWater
95.5%
GastrodonWater/Ground
95.5%
AmbipomNormal
95.5%
DrifloonGhost/Flying
95.5%
DrifblimGhost/Flying
95.5%
BunearyNormal
95.5%
LopunnyNormal
95.5%
MismagiusGhost
95.5%
HonchkrowDark/Flying
95.5%
GlameowNormal
95.5%
PuruglyNormal
95.5%
ChinglingPsychic
95.5%
StunkyPoison/Dark
95.5%
SkuntankPoison/Dark
95.5%
BronzorSteel/Psychic
95.5%
BronzongSteel/Psychic
95.5%
BonslyRock
95.5%
ChatotNormal/Flying
95.5%
SpiritombGhost/Dark
95.5%
GibleDragon/Ground
95.5%
Pokémon Type(s) % Correct
GabiteDragon/Ground
95.5%
GarchompDragon/Ground
95.5%
LucarioFighting/Steel
95.5%
RioluFighting
95.5%
HippopotasGround
95.5%
HippowdonGround
95.5%
SkorupiPoison/Bug
95.5%
DrapionPoison/Dark
95.5%
CroagunkPoison/Fighting
95.5%
ToxicroakPoison/Fighting
95.5%
FinneonWater
95.5%
LumineonWater
95.5%
MantykeWater/Flying
95.5%
SnoverGrass/Ice
95.5%
AbomasnowGrass/Ice
95.5%
WeavileDark/Ice
95.5%
TogekissFairy/Flying
95.5%
GliscorGround/Flying
95.5%
MamoswineIce/Ground
95.5%
GalladePsychic/Fighting
95.5%
DusknoirGhost
95.5%
FroslassIce/Ghost
95.5%
RotomElectric/Ghost
95.5%
UxiePsychic
95.5%
MespritPsychic
95.5%
AzelfPsychic
95.5%
DialgaSteel/Dragon
95.5%
PalkiaWater/Dragon
95.5%
HeatranFire/Steel
95.5%
GiratinaGhost/Dragon
95.5%
CresseliaPsychic
95.5%
PhioneWater
95.5%
ManaphyWater
95.5%
DarkraiDark
95.5%
Land Forme ShayminGrass
95.5%
Trash Cloak WormadamBug/Steel
92.9%
CombeeBug/Flying
90.9%
ProbopassRock/Steel
90.9%

You're not logged in!

Compare scores with friends on all Sporcle quizzes.
OR
Log In

Show Comments

Extras

Created Feb 24, 2012SourceReportNominate
Tags:Pokémon Quiz

Top Quizzes Today


Score Distribution

Your Account Isn't Verified!

In order to create a playlist on Sporcle, you need to verify the email address you used during registration. Go to your Sporcle Settings to finish the process.

Report this User

Report this user for behavior that violates our Community Guidelines.

Details: